Hauptstädte am Nächsten Nach Bangkok - Eine Minute Sprint - Statistiken

Allgemein
  • Dieses Quiz wurde 56 mal gespielt
  • Das Durchschnittsergebnis liegt bei 10 aus 21
Antworten auf der Karte
Die Antworten werden auf der Karte rot bzw. grün angezeigt, abhängig davon wie oft sie richtig erraten wurden.
 
Antwortstatistiken
km Hauptstadt % Korrekt
990 Hanoi
84%
3296 Peking
78%
2325 Jakarta
76%
1187 Kuala Lumpur
73%
1431 Singapur
65%
2912 Neu-Delhi
62%
521 Vientiane
62%
541 Phnom Penh
59%
3722 Seoul
49%
2214 Manila
46%
2543 Taipeh
46%
1532 Dhaka
41%
2204 Kathmandu
41%
2373 Colombo
38%
3140 Malé
38%
3717 Dili
35%
3542 Islamabad
35%
1866 Bandar Seri Begawan
30%
3743 Pjöngjang
30%
813 Naypyidaw
27%
1893 Thimphu
19%
Keine übereinstimmenden Quizze gefunden
Verteilung der Resultate
Anzahl Personen mit jedem Resultat
Perzentil nach korrekt beantworteten Fragen
Ihre Resultats-Entwicklung
Sie haben dieses Quiz noch nicht gespielt